000 00325nam a2200121Ia 4500
008 190216s9999||||xx |||||||||||||| ||und||
100 _a"James E Huheey, Ellen A Keiter And Richard L Keiter"
245 0 _aInorganic Chemistry
260 _bAddison-Wesley Pbl: Co:
_c2000
300 _a1052p
650 _aChemistry
942 _cBK
999 _c2858
_d2858